Discovering advanced algebra : an investigative approach (Second edition) (Record no. 40294)

MARC details
000 -LEADER
fixed length control field 00875nam a2200217 a 4500
008 - FIXED-LENGTH DATA ELEMENTS--GENERAL INFORMATION
fixed length control field 210223s2010 ||||||||||||||||| || u
020 ## - INTERNATIONAL STANDARD BOOK NUMBER
International Standard Book Number 9781559539845
050 ## - LIBRARY OF CONGRESS CALL NUMBER
Classification number QA 154.3 Mur
100 ## - MAIN ENTRY--PERSONAL NAME
Personal name Murdock, Jerald
245 10 - TITLE STATEMENT
Title Discovering advanced algebra : an investigative approach (Second edition)
Statement of responsibility, etc. By Jerald Murdock; Ellen Kamischke; Eric Kamischke
250 ## - EDITION STATEMENT
Edition statement Second edition
260 ## - PUBLICATION, DISTRIBUTION, ETC.
Place of publication, distribution, etc. Emeryville, California
Name of publisher, distributor, etc. Key Curriculum Press
Date of publication, distribution, etc. 2010
300 ## - PHYSICAL DESCRIPTION
Extent xiv, 881 pages : illustrations
650 ## - SUBJECT ADDED ENTRY--TOPICAL TERM
Topical term or geographic name entry element GRAPHIC CALCULATORS
650 #0 - SUBJECT ADDED ENTRY--TOPICAL TERM
Topical term or geographic name entry element ALGEBRA
650 ## - SUBJECT ADDED ENTRY--TOPICAL TERM
Topical term or geographic name entry element ALGEBRA--STUDY AND TEACHING
650 ## - SUBJECT ADDED ENTRY--TOPICAL TERM
Topical term or geographic name entry element ALGEBRA--GRAPHIC METHODS--TEXTBOOKS
700 ## - ADDED ENTRY--PERSONAL NAME
Personal name Kamischke,Eric
700 ## - ADDED ENTRY--PERSONAL NAME
Personal name Kamischke, Ellen
995 ## - RECOMMENDATION 995 [LOCAL, UNIMARC FRANCE]
-- 134.93
-- CBU-MAIN LIBRARY (Kitwe)
-- 1
-- AVAILABLE
-- Mar 3, 2021
-- Main Library Open Access Collection
Holdings
Withdrawn status Lost status Source of classification or shelving scheme Damaged status Not for loan Home library Current library Shelving location Date acquired Total Checkouts Total Renewals Full call number Barcode Date last seen Date last checked out Price effective from Koha item type
          CBU-MAIN LIBRARY, KITWE. CBU-MAIN LIBRARY, KITWE.   11/30/2022 2 1 QA 154.3 Mur 750806 06/16/2025 05/21/2025 11/30/2022 MONOGRAPH